000 01039nam a2200289 i 4500
003 EG-GICUC
005 20260121101330.0
008 251122s1965 ua ||||fr|||| 00| 0 ara d
040 _a EG-GICUC
_bara
_c EG-GICUC
_d EG-GICUC
_erda
041 0 _aara
082 0 4 _221
_a345.0612
_bا ل . ق
092 0 4 _221
099 _aLaw1 07 345.0612 ا ل . ق 1965
100 0 _aالسيد محمد مدني
_eمؤلف.
245 1 2 _aالقانون الإداري الليبي /
_cالدكتور السيد محمد مدني.
264 1 _aالقاهرة :
_bدار النهضة العربية،
_c1965.
300 _a551 ؛صفحة
_c24 سم.
336 _2rda content
_atext
337 _2rda media
_aComputer
338 _2rda carrier
_aOnline Resource
504 _aيشتمل على إرجاعات ببليوجرافية.
546 _aالنص باللغة العربية
650 1 4 _aالقانون الإداري
856 4 0 _uhttps://fll.law.cu.edu.eg/fulltext/bks/B07-00835.pdf
905 _a32
_eYara
942 _2ddc
_cBK
_e21
_n0
999 _c45250
_d45250